00371nam a2200109Ia 4500008004100000020002200041041001200063100008500075245004800160260003200208650002100240231221s9999 xx 000 0 und d a978-0-387-70802-7 aEnglish aWita Wojtkowski, W. Gregory Wojtkowski, Jo~e Zupancic, Gabor Magyar, Gabor Knapp 0aAdvances in Information Systems Development c2007bSpringer USaNew York aComputer Science